Evaluación del cambio en el patrón de escorrentía ante eventos de precipitación extremos debido a la variación de la cobertura del suelo en la cuenca del río María Aguilar
Uloženo v:
| Hlavní autor: | |
|---|---|
| Médium: | Kniha |
| Jazyk: | Spanish |
| Vydáno: |
[San José], Costa Rica
2016
|
| Témata: | |
| Tagy: |
Přidat tag
Žádné tagy, Buďte první, kdo vytvoří štítek k tomuto záznamu!
|
MARC
| LEADER | 00000nam a22000007a 4500 | ||
|---|---|---|---|
| 003 | 012362 | ||
| 005 | 20221231144106.0 | ||
| 008 | 160530b2016 cr a|||| |||| 00| ||spa d | ||
| 040 | |c cru CEDI | ||
| 090 | |a TFG 7522 | ||
| 100 | |9 4754 |a Ramírez Sandí, Carlos Antonio | ||
| 245 | |a Evaluación del cambio en el patrón de escorrentía ante eventos de precipitación extremos debido a la variación de la cobertura del suelo en la cuenca del río María Aguilar | ||
| 260 | |a [San José], Costa Rica |c 2016 | ||
| 300 | |a xx,154 [19]hojas; ilustraciones a color.-24 referencias | ||
| 500 | |a Proyecto de graduación (licenciatura en ingeniería civil)--Universidad de Costa Rica. Facultad de Ingeniería. Escuela de Ingeniería Civil | ||
| 650 | |x VARIABILIDAD DE PRECIPITACION |x ESCORRENTIA - COSTA RICA - ESTUDIO DE CASOS |x BALANCE HIDRICO (HIDROLOGIA) |x RECURSOS HIDRICOS |x RIO MARIA AGUILAR (COSTA RICA) |9 4755 | ||
| 942 | |c TFG | ||
| 999 | |c 16770 |d 16770 | ||
